000 00723nam a2200193 a 4500
008 101028s2008 ||||||||||||||||| || u
020 _a9780415467636
050 _aTC 177 Boi
100 _aBoiten, Wubbo
245 1 0 _aHydrometry: a comprehensive introduction to the measurement of flow in open channels. -- 3rd ed.
_cW. Boiten
250 _a3rd ed.
260 _aLondon
_bCRC Press
_c2008
300 _axi, 247p.: ill
350 _a0.00
490 _aUNESCO-IHE lecture note series
650 _aHYDRAULIC MEASUREMENTS
650 _aENGINEERING
995 _D0.00
_FCBU-MAIN LIBRARY (Kitwe)
_H1
_I0.00
_M1
_UAVAILABLE
_WDec 2, 2010
_ZMain Library Open Access Collection
999 _c46072
_d46072